<?xml version="1.0" encoding="UTF-8"?>
<collection xmlns="http://www.loc.gov/MARC21/slim">
 <record>
  <leader>02774nab a2200289 i 4500</leader>
  <controlfield tag="001">publ11368</controlfield>
  <controlfield tag="005">20200221115454.0</controlfield>
  <controlfield tag="008">170523s2014    hu      o     0||   zxx d</controlfield>
  <datafield tag="022" ind1=" " ind2=" ">
   <subfield code="a">0031-9384</subfield>
  </datafield>
  <datafield tag="024" ind1="7" ind2=" ">
   <subfield code="a">10.1016/j.physbeh.2013.11.007</subfield>
   <subfield code="2">doi</subfield>
  </datafield>
  <datafield tag="024" ind1="7" ind2=" ">
   <subfield code="a">2497687</subfield>
   <subfield code="2">mtmt</subfield>
  </datafield>
  <datafield tag="040" ind1=" " ind2=" ">
   <subfield code="a">SZTE Publicatio Repozitórium</subfield>
   <subfield code="b">hun</subfield>
  </datafield>
  <datafield tag="041" ind1=" " ind2=" ">
   <subfield code="a">zxx</subfield>
  </datafield>
  <datafield tag="100" ind1="1" ind2=" ">
   <subfield code="a">Petrovszki Zita</subfield>
  </datafield>
  <datafield tag="245" ind1="1" ind2="4">
   <subfield code="a">The effects of juvenile capsaicin desensitization in rats</subfield>
   <subfield code="h">[elektronikus dokumentum] :</subfield>
   <subfield code="b">Behavioral impairments /</subfield>
   <subfield code="c"> Petrovszki Zita</subfield>
  </datafield>
  <datafield tag="260" ind1=" " ind2=" ">
   <subfield code="a">Elsevier Science</subfield>
   <subfield code="c">2014</subfield>
  </datafield>
  <datafield tag="300" ind1=" " ind2=" ">
   <subfield code="a">38-44</subfield>
  </datafield>
  <datafield tag="490" ind1="0" ind2=" ">
   <subfield code="a">PHYSIOLOGY &amp; BEHAVIOR</subfield>
   <subfield code="v">125</subfield>
  </datafield>
  <datafield tag="520" ind1="3" ind2=" ">
   <subfield code="a">Capsaicin desensitization leads to behavioral changes, some of which are related  to schizophrenia, but investigations into these effects have been scarce. The goal of this study was to characterize the consequences of juvenile capsaicin desensitization on different functions: acute and inflammation-induced thermal and mechanical sensitivity, urinary bladder capacity and thermoregulation, and also on the potentially schizophrenia-related impairments in sensory-motor gating, motor activity and cognitive functioning. Male Wistar rats desensitized with increasing doses of subcutaneous capsaicin after weaning were investigated.  Heat and mechanical pain sensitivity did not change significantly; however, morphine produced a prolonged decrease in the nociceptive response to inflammation in desensitized animals. Ultrasound examination of the bladder revealed enhanced bladder volume in treated animals. Capsaicin-treated animals had higher body temperature at 22 degrees C in both dark and light periods, and they also showed prolonged hyperthermia in new environmental circumstances. Warm  environment induced a profound impairment of thermoregulation in desensitized animals. The treated animals also showed higher levels of activity during the active phase and at both cool and warm temperatures. The amplitude of the responses to auditory stimuli and prepulse inhibition did not differ between the  two groups, but the desensitized animals showed learning impairments in the novel object recognition test. These results suggest that juvenile capsaicin desensitization leads to sustained changes in several functions that may be related to schizophrenia. We propose that capsaicin desensitization, together with other interventions, may lead to an improved chronic animal model of schizophrenia.</subfield>
  </datafield>
  <datafield tag="700" ind1="0" ind2="1">
   <subfield code="a">Adám Gábor</subfield>
   <subfield code="e">aut</subfield>
  </datafield>
  <datafield tag="700" ind1="0" ind2="1">
   <subfield code="a">Kékesi Gabriella</subfield>
   <subfield code="e">aut</subfield>
  </datafield>
  <datafield tag="700" ind1="0" ind2="1">
   <subfield code="a">Tuboly Gábor</subfield>
   <subfield code="e">aut</subfield>
  </datafield>
  <datafield tag="700" ind1="0" ind2="1">
   <subfield code="a">Morvay Zita</subfield>
   <subfield code="e">aut</subfield>
  </datafield>
  <datafield tag="700" ind1="0" ind2="1">
   <subfield code="a">Nagy Endre</subfield>
   <subfield code="e">aut</subfield>
  </datafield>
  <datafield tag="700" ind1="0" ind2="1">
   <subfield code="a">Benedek György</subfield>
   <subfield code="e">aut</subfield>
  </datafield>
  <datafield tag="700" ind1="0" ind2="1">
   <subfield code="a">Horváth Gyöngyi</subfield>
   <subfield code="e">aut</subfield>
  </datafield>
  <datafield tag="856" ind1="4" ind2="0">
   <subfield code="u">http://publicatio.bibl.u-szeged.hu/11368/1/Petrovszki_PhysiolBehav_2014.pdf</subfield>
   <subfield code="z">Dokumentum-elérés </subfield>
  </datafield>
 </record>
</collection>
